|
|
|
|
| LEADER |
01076cam a2200301 7i4500 |
| 001 |
0000134002 |
| 005 |
20220406090000.0 |
| 008 |
220406t20192019my a ### #00001eng## |
| 020 |
# |
# |
|a 9789674184858 Paperback
|
| 040 |
# |
# |
|a UMT
|
| 090 |
0 |
0 |
|a QP 31.2
|b .N8 2019
|
| 100 |
0 |
# |
|a Nurul Asyiqin Yusof
|e author
|
| 245 |
1 |
0 |
|a Human anatomy from the islamic perspectives
|c Nurul Asyiqin Yusof, Che Anuar Che Mohamad, Ahmad Nizam Hassan, Akmal Khuzairy Abd Rahman.
|
| 264 |
# |
1 |
|a Selangor Darul Ehsan:
|b IIUM Press,
|c 2019.
|
| 264 |
# |
4 |
|c ♭2019.
|
| 300 |
# |
# |
|a xii, 90 pages:
|b illustrations chiefly colour;
|c 23 cm.
|
| 336 |
# |
# |
|a text
|2 rdacontent
|
| 337 |
# |
# |
|a unmediated
|2 rdamedia
|
| 338 |
# |
# |
|a volume
|2 rdacarrier
|
| 500 |
# |
# |
|a Includes index
|
| 504 |
# |
# |
|a Includes bibliographical
|
| 590 |
# |
# |
|a Perpustakaan Sultanah Nur Zahirah
|
| 650 |
0 |
0 |
|a Human anatomy
|
| 650 |
0 |
0 |
|a Government publications --
|z Malaysia
|
| 700 |
0 |
# |
|a Akmal Khuzairy Abd Rahman
|
| 700 |
0 |
# |
|a Che Anuar Che Mohamad
|
| 700 |
0 |
# |
|a Ahmad Nizam Hassan
|
| 999 |
|
|
|a 1100106426
|b Book
|c Open Shelf
|e KOLEKSI TERBUKA
|